La medición empírica de la distribución funcional del ingreso (Registro nro. 16170)

Detalles MARC
000 -LEADER
fixed length control field 00353 a2200109 4500
001 - CONTROL NUMBER
control field ART_3051
005 - DATE AND TIME OF LATEST TRANSACTION
control field 20260410161712.0
008 - FIXED-LENGTH DATA ELEMENTS--GENERAL INFORMATION
fixed length control field 260409a
100 1# - MAIN ENTRY--PERSONAL NAME
Personal name Monza, Alfredo
245 10 - TITLE STATEMENT
Title La medición empírica de la distribución funcional del ingreso
773 0# - HOST ITEM ENTRY
Title Desarrollo económico
Related parts - Vol. 13, Nº 50 (jul./sep. 1973)
Record control number REV1174

No hay ítems disponibles.